00726nam a2200205 4500001000700000003000900007005001700016007000300033008004100036100004000077245010000117260003500217300002100252490001400273700003400287830002200321852003200343999001900375952012600394123164ES-MaACL20250929063158.0t|070214s1962 sp r ||||0| spa d1 aPruvost, Pierre, d1882-197099409013aLa cara oscura del sputnik / cPierre Pruvost ; traducción castellana de Juan Ruiz de Larios. aBarcelona : bVergara, c1962. a224 p ; c21 cm.1 aMapamundi1 aRuiz de Larios, Juan.91007560 aMapamundi9186580 aES-MaACLjC-22014 bR.50811 c123164d123164 00104070aATENEOMbATENEOMcGaleríad2008-01-17eSCl0oC-22014p1128336r2023-02-23 00:00:00w2023-02-23yMONOGRAFIA